Statistics for Main muscles in the body

Click here to take the quiz!

General Stats

  • This quiz has been taken 1,418 times
  • The average score is 8 of 33

Answer Stats

HintAnswer% Correct
shoulder JointDeltoid
78%
shoulder girdleTrapezius
60%
Lower Leg musclesGastrocnemius
43%
Hip and pelvisGluteus Maximus
43%
Elbow joint muscles / Arm MusclesBiceps Brachii
42%
shoulder JointLatissimus Dorsi
39%
Elbow joint muscles / Arm MusclesTriceps Brachii
38%
shoulder JointPectoralis major
35%
Lower Leg musclesSoleus
34%
shoulder girdleRhomboids
31%
Hip and pelvisBiceps Femoris
26%
Hip and pelvisRectus Femoris
26%
shoulder JointTeres Major
26%
shoulder JointTeres Minor
25%
Knee jointVastus Medialis
24%
Knee jointVastus Lateralis
23%
Wrist and handFlexor Carpi Radialis
18%
Neck and back musclesRectus Abdominus
18%
Knee jointVastus Intermedius
18%
Hip and pelvisAdductor Brevis
17%
Hip and pelvisAdductor Longus
17%
shoulder girdleLevator Scapulae
12%
Neck and back musclesExternal Obliques
11%
Elbow joint muscles / Arm MusclesPronator Teres
11%
Hip and pelvisIliopsoas
9%
Elbow joint muscles / Arm MusclesSupinator
9%
Wrist and handFlexor Carpi Ulnaris
8%
Neck and back musclesInternal Obliques
7%
Lower Leg musclesTibialis Posteria
7%
Knee jointPopliteus
6%
Hip and pelvisAdductor Magnus
5%
Wrist and handWrist flexors
3%
Neck and back musclesSpinae
2%

Score Distribution

Percentile by Number Answered

Percent of People with Each Score

Your Score History

You have not taken this quiz